LIBRARY ONLINE CATALOGUE

II Samuel : (Record no. 21686)

MARC details
000 -LEADER
fixed length control field 01521pam a2200433 a 4500
001 - CONTROL NUMBER
control field 1844032
003 - CONTROL NUMBER IDENTIFIER
control field OSt
005 - DATE AND TIME OF LATEST TRANSACTION
control field 20260616151959.0
008 - FIXED-LENGTH DATA ELEMENTS--GENERAL INFORMATION
fixed length control field 820928s1984 nyub b 001 0 eng
010 ## - LIBRARY OF CONGRESS CONTROL NUMBER
LC control number 81043919
020 ## - INTERNATIONAL STANDARD BOOK NUMBER
International Standard Book Number 0385068085 :
Terms of availability $18.00
020 ## - INTERNATIONAL STANDARD BOOK NUMBER
International Standard Book Number 9780385068086
035 ## - SYSTEM CONTROL NUMBER
System control number 1844032
040 ## - CATALOGING SOURCE
Original cataloging agency DLC
Transcribing agency DLC
Modifying agency DLC
041 1# - LANGUAGE CODE
Language code of text/sound track or separate title eng
-- heb
050 00 - LIBRARY OF CONGRESS CALL NUMBER
Classification number BS192.2.A1 1964
Item number .G3 vol. 9
Classification number BS1323
082 00 - DEWEY DECIMAL CLASSIFICATION NUMBER
Classification number 220.7/7 s
-- 222/.44077
Edition number 19
130 0# - MAIN ENTRY--UNIFORM TITLE
Uniform title Bible.
Name of part/section of a work Samuel, 2nd.
Language of a work English.
Version McCarter.
Date of a work 1984.
245 10 - TITLE STATEMENT
Title II Samuel :
Remainder of title a new translation with introduction, notes, and commentary /
Statement of responsibility, etc. by P. Kyle McCarter, Jr.
250 ## - EDITION STATEMENT
Edition statement 1st ed.
260 ## - PUBLICATION, DISTRIBUTION, ETC. (IMPRINT)
Place of publication, distribution, etc. Garden City, N.Y. :
Name of publisher, distributor, etc. Doubleday,
Date of publication, distribution, etc. 1984.
300 ## - PHYSICAL DESCRIPTION
Extent xvii, 553 p. :
Other physical details maps ;
Dimensions 24 cm.
336 ## - CONTENT TYPE
Content type term text
Content type code txt
Source rdacontent
337 ## - MEDIA TYPE
Media type term unmediated
Media type code n
Source rdamedia
338 ## - CARRIER TYPE
Carrier type term volume
Carrier type code nc
Source rdacarrier
490 1# - SERIES STATEMENT
Series statement The Anchor Bible ;
Volume/sequential designation v. 9
500 ## - GENERAL NOTE
General note Includes indexes.
504 ## - BIBLIOGRAPHY, ETC. NOTE
Bibliography, etc Bibliography: p. [20]-52.
583 ## - ACTION NOTE
Action Cataloguing:
Time/date of action 20260616
Action agent gtanuigtanui
630 00 - SUBJECT ADDED ENTRY--UNIFORM TITLE
Uniform title Bible.
Name of part/section of a work Samuel, 2nd
General subdivision Commentaries.
700 1# - ADDED ENTRY--PERSONAL NAME
Personal name McCarter, P. Kyle
Fuller form of name (Peter Kyle),
Dates associated with a name 1945-
740 0# - ADDED ENTRY--UNCONTROLLED RELATED/ANALYTICAL TITLE
Uncontrolled related/analytical title 2nd Samuel.
740 0# - ADDED ENTRY--UNCONTROLLED RELATED/ANALYTICAL TITLE
Uncontrolled related/analytical title Second Samuel.
830 #0 - SERIES ADDED ENTRY--UNIFORM TITLE
Uniform title Bible.
Language of a work English.
Version Anchor Bible.
Date of a work 1964 ;
Volume number/sequential designation v. 9.
856 42 - ELECTRONIC LOCATION AND ACCESS
Materials specified Publisher description
Uniform Resource Identifier <a href="http://www.loc.gov/catdir/description/random0413/81043919.html">http://www.loc.gov/catdir/description/random0413/81043919.html</a>
906 ## - LOCAL DATA ELEMENT F, LDF (RLIN)
a 7
b cbc
c orignew
d 1
e ocip
f 19
g y-gencatlg
942 ## - ADDED ENTRY ELEMENTS (KOHA)
Source of classification or shelving scheme Library of Congress Classification
Koha item type General Collection
Holdings
Withdrawn status Lost status Source of classification or shelving scheme Not for loan Home library Current library Shelving location Date acquired Source of acquisition Inventory number Total Checkouts Full call number Barcode Date last seen Copy number Price effective from Koha item type
    Library of Congress Classification   Kabarak, Main Campus Kabarak, Main Campus General Stacks 16/06/2026 Donation 2026/3849   BS192.2 .A1G3 1984 C.1 38018 16/06/2026 C.1 16/06/2026 General Collection